| 000 | 00672nam a22002177a 4500 | ||
|---|---|---|---|
| 005 | 20250908121712.0 | ||
| 008 | 250908b |||||||| |||| 00| 0 eng d | ||
| 020 | _a978-81-953596-0-8 (pbk) | ||
| 037 | _cTB | ||
| 040 |
_aCRL _cCRL |
||
| 084 |
_aO1593,1N50x R1 _bCRL |
||
| 100 |
_aDadlani, K T _9820227 |
||
| 245 | _aKin khe soor kin khe poor | ||
| 260 |
_aBhopal, India: _bAkhand sindhu sansar, _c2021. |
||
| 300 | _a84p. | ||
| 365 |
_b230.00 _cINR |
||
| 650 |
_aSindhi Literature _9820228 |
||
| 650 |
_aSindhi Poetry _9820229 |
||
| 942 |
_2CC _cTB _hO1593,1N50x R1 _n0 |
||
| 999 |
_c1435221 _d1435221 |
||